000 00644nam a2200205Ii 4500
003 JO-AjNU
008 230605s9999||||xx |||||||||||||| ||und||
040 _aJO-AjNU
_bara
_erda
_cJO-AjNU
041 _aara
050 1 4 _aBP80.U75.S52.1981
100 3 _aشلبي،محمود,
_eauthor
_914575
245 0 0 _aحياة عثمان
250 _aط1
264 3 1 _aبيروت:دار الجيل ،1981
300 _a351ص
336 _atext
_btxt
_2rdacontent
337 _aunmediated
_bn
_2rdamedia
338 _avolume
_bnc
_2rdacarrier
650 4 _aالخلفاء الراشدون-الصحابة والتابعون-عثمان بن عفان
_914576
999 _aA3919
_c7487
_d7487